Copa Mundial de la FIFA 1974 - Estadísticas

Estadísticas generales
  • Esta prueba ha sido intentada 92 veces
  • La puntuación promedio es 13 de 16
Estadísticas de respuestas
GRUPO % Correcto
Alemania Democrática
100%
Alemania Federal
100%
Brasil
100%
Argentina
97%
Uruguay
94%
Italia
91%
Chile
89%
Países Bajos
87%
Yugoslavia
83%
Suecia
81%
Polonia
74%
Escocia
64%
Bulgaria
63%
Australia
56%
Zaire
46%
Haiti
40%
No se encontraron pruebas coincidentes
Distribución de puntuación
Porcentaje de gente con cada puntuación
Porcentaje por número respondido
Historial de tus puntuaciones
No has intentado esta prueba.